Statistics for Memphis International Airport Destinations (Memphis, TN, USA)

Click here to take the quiz!

General Stats

  • This quiz has been taken 15 times
  • The average score is 31 of 36

Answer Stats

AirlineDestination% Correct
Delta Air Lines/Southwest AirlinesAtlanta
100%
American AirlinesCharlotte
100%
Southwest AirlinesChicago (Midway)
100%
American Eagle/United Airlines/United ExpressChicago (O'Hare)
100%
American Airlines/American EagleDallas/Fort Worth
100%
Southwest AirlinesDallas (Love)
100%
Southwest AirlinesHouston (Hobby)
100%
United Airlines/United ExpressHouston (Intercontinental)
100%
Allegiant Air/Delta Air Lines/Spirit AirlinesLos Angeles
100%
Frontier Airlines/Southwest Airlines/Spirit AirlinesOrlando
100%
Allegiant AirOrlando/Sanford
100%
Allegiant AirPhoenix/Mesa
100%
American Airlines/American Eagle/Southwest AirlinesPhoenix (Sky Harbor)
100%
Avelo AirlinesRaleigh/Durham
100%
Southwest AirlinesTampa
100%
American EagleWashington (National)
100%
American Eagle/Delta ConnectionBoston
92%
Frontier Airlines/Southwest Airlines/United Airlines/United ExpressDenver
92%
Delta Air Lines/Delta ConnectionDetroit
92%
American Airlines/American EagleMiami
92%
American Eagle/Delta ConnectionNew York (LaGuardia)
92%
American EaglePhiladelphia
92%
American EagleAustin
83%
Southwest AirlinesBaltimore
83%
Allegiant Air/Frontier Airlines/Spirit AirlinesLas Vegas
83%
United Airlines/United ExpressNewark
83%
Allegiant AirDestin/Fort Walton Beach
75%
Allegiant AirFort Lauderdale
75%
Southern Airways ExpressJackson (TN)
75%
Delta Air Lines/Delta ConnectionMinneapolis/St. Paul
75%
Southern Airways ExpressDestin (Executive)
67%
Delta Air LinesSalt Lake City
67%
Allegiant AirSt. Petersburg/Clearwater
58%
Southern Airways ExpressHot Springs (AR)
33%
Southern Airways ExpressEl Dorado
25%
Southern Airways ExpressHarrison (AR)
25%

Score Distribution

Percentile by Number Answered

Percent of People with Each Score

Your Score History

You have not taken this quiz